Statistics for Norse Mythology- 9 Realms

Click here to take the quiz!

General Stats

  • This quiz has been taken 564 times
  • The average score is 6 of 9

Answer Stats

HintAnswer% Correct
Realm of the AesirAsgard
97%
Realm of the humansMidgard
89%
Realm of the giantsJotunheim
73%
Realm of the deadHelheim
68%
Realm of the VanirVanaheim
65%
Realm of the bright elvesAlfheim
60%
Realm of fire and chaosMuspelheim
59%
Realm of ice and mistNiflheim
59%
Realm of the dark elvesSvartalfheim
43%

Score Distribution

Percentile by Number Answered

Percent of People with Each Score

Your Score History

You have not taken this quiz